[Event "NOR-chT Elite 2122"]
[Site "Norway"]
[Date "2022.03.04"]
[Round "7.1"]
[White "Hammer, Jon Ludvig"]
[Black "Salomon, Johan"]
[Result "1-0"]
[WhiteElo "2613"]
[BlackElo "2498"]
[PlyCount "63"]
[EventDate "2021.10.28"]
[EventType "team-tourn"]
[EventRounds "9"]
[EventCountry "NOR"]
[SourceTitle "EXT 2024"]
[Source "ChessBase"]
[SourceDate "2023.10.10"]
[SourceVersion "1"]
[SourceVersionDate "2023.10.10"]
[SourceQuality "1"]
[WhiteTeam "Valerenga"]
[BlackTeam "Offerspill"]
[WhiteTeamCountry "NOR"]
[BlackTeamCountry "NOR"]

1. e4 c5 2. Nc3 e6 3. Nf3 a6 4. d4 cxd4 5. Nxd4 b5 6. Bd3 Bb7 7. 0-0 Nc6 8. Nxc6 Bxc6 9. Qe2 Nf6 10. Bg5 Be7 11. e5 Nd5 12. Nxd5 Bxg5 13. Nb4 Be7 14. Nxc6 dxc6 15. a4 Rc8 16. axb5 axb5 17. Rfd1 Qb6 18. Bxh7 g6 19. Bxg6 fxg6 20. Qg4 Kf7 21. Rd7 Rhd8 22. Qf3+ Ke8 23. Rxe7+ Kxe7 24. Qf6+ Ke8 25. Qxe6+ Kf8 26. Qf6+ Kg8 27. Qxg6+ Kh8 28. Qh5+ Kg8 29. Ra3 Rc7 30. Rh3 Rg7 31. e6 Qd4 32. Qh8# 1-0

[Event "NOR-chT Elite 2122"]
[Site "Norway"]
[Date "2021.10.31"]
[Round "3.1"]
[White "Galchenko, Matvey"]
[Black "Salomon, Johan"]
[Result "1/2-1/2"]
[WhiteElo "2437"]
[BlackElo "2498"]
[PlyCount "21"]
[EventDate "2021.10.28"]
[EventType "team-tourn"]
[EventRounds "9"]
[EventCountry "NOR"]
[SourceTitle "CBM 204 Extra"]
[Source "ChessBase"]
[SourceDate "2021.11.30"]
[SourceVersion "1"]
[SourceVersionDate "2021.11.30"]
[SourceQuality "1"]
[WhiteTeam "Alta"]
[BlackTeam "Offerspill"]
[WhiteTeamCountry "NOR"]
[BlackTeamCountry "NOR"]

1. d4 Nf6 2. c4 e6 3. Nc3 Bb4 4. e3 c5 5. Nge2 cxd4 6. exd4 0-0 7. a3 Be7 8. Nf4 d5 9. Be3 Nc6 10. cxd5 Nxd5 11. Nfxd5 1/2-1/2

[Event "Paleochora op 14th"]
[Site "Paleochora"]
[Date "2021.07.26"]
[Round "5"]
[White "Salomon, Johan"]
[Black "Thogersen, Rasmus"]
[Result "1-0"]
[WhiteElo "2502"]
[BlackElo "2283"]
[PlyCount "85"]
[EventDate "2021.07.23"]
[EventType "swiss"]
[EventRounds "9"]
[EventCountry "GRE"]
[SourceTitle "EXT 2022"]
[Source "ChessBase"]
[SourceDate "2021.10.06"]
[SourceVersion "1"]
[SourceVersionDate "2021.10.06"]
[SourceQuality "1"]

1. d4 Nf6 2. c4 g6 3. g3 c6 4. Bg2 d5 5. Qa4 Bg7 6. cxd5 0-0 7. dxc6 Nxc6 8. Nf3 Nd5 9. 0-0 Nb6 10. Qd1 Nxd4 11. Nxd4 Qxd4 12. Qxd4 Bxd4 13. Rd1 Bg7 14. Nc3 Be6 15. Bf4 Nc4 16. Rdc1 Rad8 17. Bxb7 Nxb2 18. Rab1 Nc4 19. Nb5 Na5 20. Nxa7 Bxa2 21. Rb5 Nb3 22. Rc2 Bb1 23. Rc8 Rd1+ 24. Kg2 Nd4 25. Rxf8+ Bxf8 26. Rb2 Bg7 27. Ba8 h6 28. Bd5 e6 29. Rb8+ Kh7 30. Bc4 Nc2 31. f3 g5 32. Bd3+ f5 33. Bxc2 Bxc2 34. Be3 Ba4 35. Rb4 Ra1 36. Rb7 Ra2 37. Bd4 e5 38. Bb2 Kg6 39. Kf1 Kh5 40. Nc8 Bc6 41. Rxg7 Rxb2 42. Ne7 Bb5 43. Nd5 1-0

[Event "NOR-ch"]
[Site "Oslo"]
[Date "2021.07.07"]
[Round "6"]
[White "Hammer, Jon Ludvig"]
[Black "Salomon, Johan"]
[Result "1/2-1/2"]
[WhiteElo "2608"]
[BlackElo "2502"]
[PlyCount "103"]
[EventDate "2021.07.02"]
[EventType "swiss"]
[EventRounds "9"]
[EventCountry "NOR"]
[SourceTitle "CBM 203 Extra"]
[Source "ChessBase"]
[SourceDate "2021.09.30"]
[SourceVersion "1"]
[SourceVersionDate "2021.09.30"]
[SourceQuality "1"]

1. e4 e5 2. Nf3 Nc6 3. Bc4 Bc5 4. d3 Nf6 5. 0-0 d6 6. c3 0-0 7. h3 h6 8. Re1 a6 9. a4 Kh8 10. Nbd2 Ng8 11. Nf1 f5 12. exf5 Bxf5 13. Ng3 Bh7 14. d4 exd4 15. cxd4 Ba7 16. Be3 Nb4 17. Rc1 c6 18. Bd2 a5 19. Bxb4 axb4 20. Bd3 Bxd3 21. Qxd3 Qf6 22. Re4 Ne7 23. Rg4 Qf7 24. Re1 Nd5 25. Rge4 Nf4 26. Qe3 c5 27. Nh4 Nd5 28. Qe2 cxd4 29. Nhf5 Bc5 30. Qd2 Qf6 31. Rg4 Rf7 32. Nxg7 Qxf2+ 33. Qxf2 Rxf2 34. Kxf2 d3+ 35. Kf3 d2 36. Rh1 Ne3 37. N3f5 d1Q+ 38. Rxd1 Nxd1 39. b3 b5 40. axb5 Ra3 41. Ne6 Rxb3+ 42. Ke2 Nc3+ 43. Kd3 Na4+ 44. Kc4 Rc3+ 45. Kd5 Nb6+ 46. Kc6 h5 47. Rg6 Be3+ 48. Kb7 Nd7 49. Nxd6 Nc5+ 50. Nxc5 Rxc5 51. Re6 Bf4 52. Rf6 1/2-1/2

[Event "NOR-ch"]
[Site "Oslo"]
[Date "2021.07.03"]
[Round "2"]
[White "Djurhuus, Rune"]
[Black "Salomon, Johan"]
[Result "1/2-1/2"]
[WhiteElo "2413"]
[BlackElo "2502"]
[PlyCount "53"]
[EventDate "2021.07.02"]
[EventType "swiss"]
[EventRounds "9"]
[EventCountry "NOR"]
[SourceTitle "CBM 203 Extra"]
[Source "ChessBase"]
[SourceDate "2021.09.30"]
[SourceVersion "1"]
[SourceVersionDate "2021.09.30"]
[SourceQuality "1"]

1. g3 c5 2. Bg2 Nc6 3. e4 g6 4. Ne2 Bg7 5. 0-0 d6 6. c3 e5 7. d3 Nge7 8. Be3 0-0 9. Na3 b6 10. Qd2 Rb8 11. Nc2 d5 12. exd5 Nxd5 13. Bh6 Bxh6 14. Qxh6 Nce7 15. Qd2 Bb7 16. d4 exd4 17. cxd4 c4 18. a4 Qd7 19. Na3 Qxa4 20. Rfc1 Qb4 21. Qxb4 Nxb4 22. Bxb7 Rxb7 23. Rxc4 a5 24. Nb5 Rd8 25. Nec3 Kg7 26. Rd1 Rbd7 27. Kg2 1/2-1/2

[Event "NOR-chT Elite 1920"]
[Site "Norway"]
[Date "2020.03.07"]
[Round "8.5"]
[White "Ostmoe, Geir S Tallaksen"]
[Black "Salomon, Johan"]
[Result "1-0"]
[WhiteElo "2466"]
[BlackElo "2507"]
[PlyCount "91"]
[EventDate "2019.11.01"]
[EventType "team-tourn"]
[EventRounds "9"]
[EventCountry "NOR"]
[SourceTitle "CBM 195 Extra"]
[Source "ChessBase"]
[SourceDate "2020.05.31"]
[SourceVersion "1"]
[SourceVersionDate "2020.05.31"]
[SourceQuality "1"]
[WhiteTeam "SOSS"]
[BlackTeam "Nordstrand"]
[WhiteTeamCountry "NOR"]
[BlackTeamCountry "NOR"]

1. d4 Nf6 2. c4 e6 3. Nc3 Bb4 4. g3 0-0 5. Bg2 d5 6. Nf3 dxc4 7. 0-0 Nc6 8. Qa4 Nd5 9. Qc2 Be7 10. Rd1 Bd7 11. e4 Ncb4 12. Qd2 Nb6 13. Qe2 c5 14. Be3 cxd4 15. Bxd4 Qc7 16. a4 f6 17. Bf1 Nd3 18. a5 Nc8 19. b3 a6 20. Nd2 Nc5 21. Qxc4 b5 22. axb6 Nxb6 23. Qe2 e5 24. Be3 Be6 25. Rdc1 Rfc8 26. b4 Ncd7 27. Nd5 Qd8 28. Rxc8 Rxc8 29. Nxb6 Nxb6 30. Rxa6 Rb8 31. Bc5 Bf7 32. Qe3 Nd7 33. Bxe7 Qxe7 34. Ra7 Qd6 35. b5 Nb6 36. Ra6 Qc7 37. Nb3 h6 38. Na5 Be8 39. Nc6 Bxc6 40. Qc5 Kh7 41. Qxc6 Qd8 42. Bh3 Kh8 43. Ra7 Qd1+ 44. Kg2 Qd3 45. Qc7 Qxe4+ 46. Kg1 1-0

[Event "DEN-chT 1920 58th"]
[Site "Denmark"]
[Date "2019.11.24"]
[Round "2.4"]
[White "Salomon, Johan"]
[Black "Heimisson, Hilmir Freyr"]
[Result "1-0"]
[WhiteElo "2507"]
[BlackElo "2234"]
[PlyCount "65"]
[EventDate "2019.11.23"]
[EventType "team-tourn"]
[EventRounds "9"]
[EventCountry "DEN"]
[SourceTitle "CBM 193 Extra"]
[Source "ChessBase"]
[SourceDate "2020.01.31"]
[SourceVersion "1"]
[SourceVersionDate "2020.01.31"]
[SourceQuality "1"]
[WhiteTeam "Koge Xtracon"]
[BlackTeam "Jetsmark"]
[WhiteTeamCountry "DEN"]
[BlackTeamCountry "DEN"]

1. c4 c5 2. Nc3 Nc6 3. g3 g6 4. Bg2 Bg7 5. b3 e6 6. Ba3 d6 7. e3 Nge7 8. Nge2 Nf5 9. 0-0 0-0 10. d3 a6 11. Qd2 Qd7 12. Bb2 Rb8 13. Ne4 e5 14. f4 f6 15. N2c3 Nce7 16. fxe5 fxe5 17. g4 Nh6 18. Rxf8+ Kxf8 19. Rf1+ Kg8 20. g5 Nf7 21. Qf2 Qe8 22. Nf6+ Bxf6 23. Qxf6 b5 24. Nd5 Rb7 25. h4 Bf5 26. Qxf5 Nxf5 27. Nf6+ Kf8 28. Nxe8 Re7 29. Nf6 Nxe3 30. Rf2 Nxg2 31. Kxg2 Kg7 32. Ne4 Rd7 33. Kf1 1-0

[Event "EU-chT 22nd"]
[Site "Batumi"]
[Date "2019.11.01"]
[Round "8.3"]
[White "Banusz, Tamas"]
[Black "Salomon, Johan"]
[Result "1-0"]
[WhiteElo "2619"]
[BlackElo "2507"]
[PlyCount "89"]
[EventDate "2019.10.24"]
[EventType "team-swiss"]
[EventRounds "9"]
[EventCountry "GEO"]
[SourceTitle "CBM 193"]
[Source "ChessBase"]
[SourceDate "2019.12.31"]
[SourceVersion "1"]
[SourceVersionDate "2019.12.31"]
[SourceQuality "1"]
[WhiteTeam "Hungary"]
[BlackTeam "Norway"]
[WhiteTeamCountry "HUN"]
[BlackTeamCountry "NOR"]

1. Nf3 c5 2. c4 Nc6 3. d4 cxd4 4. Nxd4 Nf6 5. g3 e5 6. Nb5 Bb4+ 7. Bd2 a6 8. N5c3 d6 9. Bg2 Be6 10. Nd5 Bxd2+ 11. Qxd2 Bxd5 12. cxd5 Ne7 13. 0-0 0-0 14. Rc1 Qd7 15. Na3 b5 16. Nc2 Rfc8 17. e4 h5 18. h4 Qa7 19. Ne3 Qb7 20. Qa5 Rxc1+ 21. Rxc1 Rc8 22. Rxc8+ Qxc8 23. Kh2 Kh7 24. Qb6 Qc1 25. Qxd6 Qxb2 26. Qxe7 Qxf2 27. Qa3 Nxe4 28. Nd1 Qd2 29. Qe3 Qxe3 30. Nxe3 Nd6 31. Nf5 Nxf5 32. Be4 Kg6 33. d6 Kf6 34. Bxf5 a5 35. Kg2 b4 36. Bc2 Ke6 37. Bb3+ Kxd6 38. Bxf7 Kc5 39. Bxh5 Kd4 40. Kf2 Kd3 41. Ke1 a4 42. Bd1 a3 43. g4 Ke3 44. g5 Kf4 45. g6 1-0

[Event "EU-chT 22nd"]
[Site "Batumi"]
[Date "2019.10.28"]
[Round "5.6"]
[White "Yilmaz, Mustafa"]
[Black "Salomon, Johan"]
[Result "1-0"]
[WhiteElo "2595"]
[BlackElo "2507"]
[PlyCount "55"]
[EventDate "2019.10.24"]
[EventType "team-swiss"]
[EventRounds "9"]
[EventCountry "GEO"]
[SourceTitle "CBM 193"]
[Source "ChessBase"]
[SourceDate "2019.12.31"]
[SourceVersion "1"]
[SourceVersionDate "2019.12.31"]
[SourceQuality "1"]
[WhiteTeam "Turkey"]
[BlackTeam "Norway"]
[WhiteTeamCountry "TUR"]
[BlackTeamCountry "NOR"]

1. d4 Nf6 2. c4 e6 3. Nf3 d5 4. Nc3 Bb4 5. Bg5 dxc4 6. e4 c5 7. Bxc4 cxd4 8. Nxd4 Bxc3+ 9. bxc3 Qa5 10. Nb5 Nxe4 11. Bf4 0-0 12. 0-0 Nc6 13. Bc7 b6 14. Qf3 f5 15. Rfe1 a6 16. Nd4 Ne5 17. Bxe5 Qxe5 18. Qe3 Qf6 19. Nxf5 Qxf5 20. Qxe4 Qxf2+ 21. Kh1 Bd7 22. Rad1 Bb5 23. Bxe6+ Kh8 24. a4 Bf1 25. Bd5 Rad8 26. h3 Rxd5 27. Qxd5 Be2 28. Qd2 1-0

[Event "EU-chT 22nd"]
[Site "Batumi"]
[Date "2019.10.27"]
[Round "4.12"]
[White "Salomon, Johan"]
[Black "Bjerre, Jonas Buhl"]
[Result "1/2-1/2"]
[WhiteElo "2507"]
[BlackElo "2506"]
[PlyCount "109"]
[EventDate "2019.10.24"]
[EventType "team-swiss"]
[EventRounds "9"]
[EventCountry "GEO"]
[SourceTitle "CBM 193"]
[Source "ChessBase"]
[SourceDate "2019.12.31"]
[SourceVersion "1"]
[SourceVersionDate "2019.12.31"]
[SourceQuality "1"]
[WhiteTeam "Norway"]
[BlackTeam "Denmark"]
[WhiteTeamCountry "NOR"]
[BlackTeamCountry "DEN"]

1. d4 Nf6 2. c4 e6 3. Nf3 d5 4. g3 dxc4 5. Bg2 Bb4+ 6. Bd2 a5 7. a4 c6 8. Qc2 Bxd2+ 9. Qxd2 Ne4 10. Qc2 Nd6 11. Ne5 Qb6 12. e3 c5 13. Nxc4 Nxc4 14. Qxc4 0-0 15. Qxc5 Qxc5 16. dxc5 Nd7 17. c6 bxc6 18. Bxc6 Rb8 19. Bb5 Bb7 20. Rg1 Ne5 21. Nd2 Nf3+ 22. Nxf3 Bxf3 23. Kd2 Rfd8+ 24. Kc3 Rbc8+ 25. Kb3 Rd2 26. Rac1 Rcd8 27. Ka3 h5 28. h4 Kh7 29. Rc7 Rxf2 30. Rxf7 Kg6 31. Ra7 Rdd2 32. Rf1 Rxb2 33. Rxf2 Rxf2 34. Rxa5 Bd5 35. Be8+ Kf5 36. Bxh5 Ke4 37. Ra7 Kxe3 38. Rxg7 Kd4 39. Kb4 e5 40. Bg6 e4 41. Bxe4 Rb2+ 42. Ka5 Bxe4 43. Rc7 Rb8 44. g4 Rh8 45. h5 Rg8 46. Kb6 Rxg4 47. a5 Rg5 48. a6 Rxh5 49. a7 Rh8 50. Rd7+ Kc4 51. Rc7+ Kb4 52. Rb7 Bxb7 53. Kxb7 Kb5 54. a8Q Rxa8 55. Kxa8 1/2-1/2

[Event "Riga Tech op-A"]
[Site "Riga"]
[Date "2019.08.09"]
[Round "7"]
[White "Gajewski, Grzegorz"]
[Black "Salomon, Johan"]
[Result "1-0"]
[WhiteElo "2613"]
[BlackElo "2499"]
[PlyCount "103"]
[EventDate "2019.08.05"]
[EventType "swiss"]
[EventRounds "9"]
[EventCountry "LAT"]
[SourceTitle "CBM 191 Extra"]
[Source "ChessBase"]
[SourceDate "2019.09.30"]
[SourceVersion "1"]
[SourceVersionDate "2019.09.30"]
[SourceQuality "1"]

1. d4 Nf6 2. c4 e6 3. Nf3 d5 4. g3 Bb4+ 5. Bd2 Be7 6. Bg2 0-0 7. 0-0 Nbd7 8. Qc2 c6 9. Rc1 a5 10. Bf4 Nh5 11. Be3 Nhf6 12. a4 Ne4 13. Nbd2 f5 14. Rd1 Bf6 15. Nxe4 fxe4 16. Ne1 Bg5 17. Bxg5 Qxg5 18. Qc1 Qh5 19. f3 Nf6 20. Qf4 dxc4 21. Qe5 Qxe5 22. dxe5 Nd5 23. fxe4 Ne3 24. Rd6 b5 25. Bh3 b4 26. Nf3 c5 27. Rc1 c3 28. bxc3 b3 29. Rb1 Rb8 30. Rc6 c4 31. Kf2 Nc2 32. Rb2 Na3 33. Ke3 Bd7 34. Rc7 Bxa4 35. Bxe6+ Kh8 36. Nd4 Nc2+ 37. Kd2 Nxd4 38. cxd4 Bb5 39. Bxc4 a4 40. Bxb5 Rxb5 41. Ra7 Rb4 42. Kc3 Rfb8 43. e6 Kg8 44. e3 R8b7 45. Rxb7 Rxb7 46. Rf2 a3 47. e7 Rxe7 48. Kxb3 Rxe4 49. Kxa3 Rxe3+ 50. Kb4 Rd3 51. Kc5 Rc3+ 52. Kd6 1-0

[Event "Riga Tech op-A"]
[Site "Riga"]
[Date "2019.08.07"]
[Round "4"]
[White "Salomon, Johan"]
[Black "Heinemann, Josefine"]
[Result "1-0"]
[WhiteElo "2499"]
[BlackElo "2255"]
[PlyCount "185"]
[EventDate "2019.08.05"]
[EventType "swiss"]
[EventRounds "9"]
[EventCountry "LAT"]
[SourceTitle "CBM 191 Extra"]
[Source "ChessBase"]
[SourceDate "2019.09.30"]
[SourceVersion "1"]
[SourceVersionDate "2019.09.30"]
[SourceQuality "1"]

1. c4 c5 2. Nc3 Nf6 3. g3 d5 4. cxd5 Nxd5 5. Bg2 Nc7 6. d3 e5 7. Nf3 Nc6 8. Nd2 Bd7 9. 0-0 Be7 10. Nc4 f6 11. f4 0-0 12. fxe5 fxe5 13. Rxf8+ Bxf8 14. a4 Rb8 15. Be3 Qe7 16. Qd2 Nd4 17. Rf1 Bc6 18. Bxc6 Nxc6 19. Qd1 Qe6 20. Ne4 b6 21. Ng5 Qd5 22. Rf5 Be7 23. Ne4 Qe6 24. Rf1 h6 25. Bd2 Nd5 26. Qe1 Nf6 27. Nxf6+ Bxf6 28. Bc3 Rf8 29. e4 Rd8 30. Qe2 Ne7 31. Ne3 Kh7 32. Ng4 Ng8 33. Qf3 Rd6 34. Kg2 Qd7 35. Nxe5 Bxe5 36. Bxe5 Rxd3 37. Qf5+ Qxf5 38. Rxf5 Kg6 39. Rf3 Rd2+ 40. Rf2 Rd3 41. Bb8 a6 42. Ba7 Re3 43. Bxb6 Rxe4 44. a5 c4 45. Kf3 Re5 46. Rc2 Rb5 47. Rxc4 Rb3+ 48. Rc3 Rxb2 49. Rc6+ Nf6 50. Bf2 Kf5 51. Rxa6 Ng4 52. Bd4 Nxh2+ 53. Ke3 Rb3+ 54. Ke2 Rxg3 55. Ra8 Rg2+ 56. Kd3 Nf3 57. Rf8+ Kg4 58. Bxg7 h5 59. Bc3 Ra2 60. Kc4 Nd2+ 61. Kb4 Ne4 62. Be5 Nc5 63. Kxc5 Rxa5+ 64. Kd4 Ra4+ 65. Ke3 h4 66. Rf1 h3 67. Rf8 h2 68. Bxh2 Kg5 69. Be5 Kg6 70. Bd4 Ra2 71. Kf4 Ra5 72. Rf6+ Kh7 73. Be5 Ra2 74. Kf5 Rf2+ 75. Bf4 Rf1 76. Ke6 Rg1 77. Rh6+ Kg7 78. Rh2 Kg6 79. Rh8 Rg4 80. Be5 Rg5 81. Bf4 Rg4 82. Ke5 Kg7 83. Ra8 Rg1 84. Kf5 Rf1 85. Ra7+ Kf8 86. Ke5 Kg8 87. Bg5 Rf7 88. Be7 Rf1 89. Bf6 Kf8 90. Ke6 Re1+ 91. Be5 Kg8 92. Ra2 Rf1 93. Rh2 1-0

[Event "Riga Tech op-A"]
[Site "Riga"]
[Date "2019.08.06"]
[Round "2"]
[White "Salomon, Johan"]
[Black "Sharma, Dinesh Kumar"]
[Result "1/2-1/2"]
[WhiteElo "2499"]
[BlackElo "2299"]
[PlyCount "133"]
[EventDate "2019.08.05"]
[EventType "swiss"]
[EventRounds "9"]
[EventCountry "LAT"]
[SourceTitle "CBM 191 Extra"]
[Source "ChessBase"]
[SourceDate "2019.09.30"]
[SourceVersion "1"]
[SourceVersionDate "2019.09.30"]
[SourceQuality "1"]

1. Nf3 d5 2. g3 c6 3. Bg2 Bg4 4. 0-0 Nd7 5. h3 Bh5 6. d4 Ngf6 7. c4 e6 8. cxd5 exd5 9. Nh4 Bg6 10. Nc3 Be7 11. f3 0-0 12. Nxg6 hxg6 13. e4 dxe4 14. fxe4 Nb6 15. a4 a5 16. Be3 Nc4 17. Bf2 Bb4 18. Qe2 Nb6 19. Qc2 Re8 20. Rad1 Rc8 21. Na2 Qe7 22. Nxb4 Qxb4 23. b3 Nbd7 24. Rc1 Rcd8 25. Rfe1 Qe7 26. Qc3 Ra8 27. Qc4 Nb6 28. Qc5 Qxc5 29. Rxc5 Re7 30. Rcc1 Nbd7 31. e5 Ne8 32. d5 cxd5 33. Bxd5 Nf8 34. Bc4 Ne6 35. Rcd1 Rc7 36. Rd5 Rc6 37. Red1 Kf8 38. Kg2 N8c7 39. Rd6 Ke7 40. Rd7+ Ke8 41. h4 Rd8 42. Rxd8+ Nxd8 43. Kf3 Ke7 44. Be3 Nde6 45. Ke4 Nc5+ 46. Bxc5+ Rxc5 47. g4 f6 48. exf6+ gxf6 49. Kf3 b5 50. axb5 Nxb5 51. Re1+ Kf8 52. Rd1 Ke7 53. Rd5 Rxd5 54. Bxd5 Kf8 55. Ke3 Kg7 56. Kd3 Kh6 57. Kc4 Na3+ 58. Kc5 Nb1 59. Bf3 Nd2 60. Bd1 Nxb3+ 61. Bxb3 f5 62. Bd1 fxg4 63. Bxg4 g5 64. h5 a4 65. Kb4 a3 66. Kxa3 Kg7 67. Kb3 1/2-1/2

[Event "Helsingor Xtracon op"]
[Site "Helsingor"]
[Date "2019.07.27"]
[Round "9"]
[White "Hobber, Anders"]
[Black "Salomon, Johan"]
[Result "1/2-1/2"]
[WhiteElo "2294"]
[BlackElo "2514"]
[PlyCount "101"]
[EventDate "2019.07.20"]
[EventType "swiss"]
[EventRounds "10"]
[EventCountry "DEN"]
[SourceTitle "CBM 191 Extra"]
[Source "ChessBase"]
[SourceDate "2019.09.30"]
[SourceVersion "1"]
[SourceVersionDate "2019.09.30"]
[SourceQuality "1"]

1. d4 Nf6 2. Nf3 g6 3. Nc3 Bg7 4. e4 d5 5. e5 Ne4 6. Bd3 Nxc3 7. bxc3 c5 8. h3 Nc6 9. 0-0 c4 10. Be2 Qa5 11. Bd2 f6 12. exf6 exf6 13. Re1 0-0 14. Nh2 Bd7 15. Bg4 f5 16. Bf3 Rae8 17. Rxe8 Rxe8 18. Nf1 Nd8 19. Qb1 Bc6 20. Qb2 Nf7 21. Bf4 Bf6 22. a3 Ng5 23. Bxg5 Bxg5 24. Qb4 Qd8 25. Ng3 Be7 26. Qb2 Bd6 27. Qc1 f4 28. Nf1 Kg7 29. Qd2 Qe7 30. Nh2 h5 31. a4 a6 32. a5 Qe6 33. Kf1 Re7 34. Be2 Qf6 35. Nf3 Bc7 36. Ne5 Bxe5 37. dxe5 Qxe5 38. Bf3 Kh6 39. Rd1 g5 40. Qc1 Qxc3 41. Bxd5 Be8 42. h4 Qf6 43. hxg5+ Qxg5 44. Bxc4 Rg7 45. Rd6+ Rg6 46. Rxg6+ Bxg6 47. Qa1 Qc5 48. Qh8+ Kg5 49. Qd8+ Kh6 50. Qh8+ Kg5 51. Qd8+ 1/2-1/2

[Event "Helsingor Xtracon op"]
[Site "Helsingor"]
[Date "2019.07.21"]
[Round "3"]
[White "Sigeman, Johan"]
[Black "Salomon, Johan"]
[Result "0-1"]
[WhiteElo "2120"]
[BlackElo "2514"]
[PlyCount "44"]
[EventDate "2019.07.20"]
[EventType "swiss"]
[EventRounds "10"]
[EventCountry "DEN"]
[SourceTitle "CBM 191 Extra"]
[Source "ChessBase"]
[SourceDate "2019.09.30"]
[SourceVersion "1"]
[SourceVersionDate "2019.09.30"]
[SourceQuality "1"]

1. Nf3 d5 2. d4 Nf6 3. g3 c5 4. Bg2 cxd4 5. 0-0 h6 6. Bf4 Nbd7 7. Qxd4 g5 8. Be5 Bg7 9. Nc3 0-0 10. Bxf6 Nxf6 11. Rad1 e6 12. Qd3 Qb6 13. Qb5 Nd7 14. Qb3 Nc5 15. Qa3 a5 16. Ne1 Qb4 17. Nd3 Qxa3 18. bxa3 b6 19. Nb1 Ba6 20. Nd2 Na4 21. e4 dxe4 22. Bxe4 Rac8 0-1

[Event "Helsingor Xtracon op"]
[Site "Helsingor"]
[Date "2019.07.20"]
[Round "1"]
[White "Nord, Alexander"]
[Black "Salomon, Johan"]
[Result "0-1"]
[WhiteElo "1893"]
[BlackElo "2514"]
[PlyCount "86"]
[EventDate "2019.07.20"]
[EventType "swiss"]
[EventRounds "10"]
[EventCountry "DEN"]
[SourceTitle "CBM 191 Extra"]
[Source "ChessBase"]
[SourceDate "2019.09.30"]
[SourceVersion "1"]
[SourceVersionDate "2019.09.30"]
[SourceQuality "1"]

1. d4 Nf6 2. Bf4 d5 3. e3 c5 4. c3 Nc6 5. Nd2 Bf5 6. Ngf3 e6 7. Ne5 Nd7 8. Ndf3 f6 9. Nxc6 bxc6 10. Nh4 Be4 11. f3 Bg6 12. Nxg6 hxg6 13. Bd3 f5 14. 0-0 Be7 15. Qd2 Qb6 16. Rac1 Kf7 17. Bb1 cxd4 18. cxd4 c5 19. a3 a5 20. Rfd1 Rac8 21. Ba2 c4 22. Kh1 g5 23. Bg3 Bd6 24. Bxd6 Qxd6 25. f4 Nf6 26. Bb1 Rh5 27. Kg1 Rb8 28. Re1 a4 29. Re2 Rb3 30. Rc3 Rb8 31. g3 gxf4 32. exf4 Rh3 33. Rce3 Ne4 34. Bxe4 fxe4 35. Rf2 g6 36. Qa5 Qd7 37. Qc3 Rb3 38. Qd2 Rd3 39. Qe2 Rxd4 40. f5 exf5 41. g4 Rh4 42. Rg3 Rd3 43. gxf5 gxf5 0-1

[Event "Teplice op 14th"]
[Site "Teplice"]
[Date "2019.06.17"]
[Round "3"]
[White "Salomon, Johan"]
[Black "Svanda, Ondrej"]
[Result "1-0"]
[WhiteElo "2509"]
[BlackElo "2261"]
[PlyCount "69"]
[EventDate "2019.06.15"]
[EventType "swiss"]
[EventRounds "9"]
[EventCountry "CZE"]
[SourceTitle "CBM 191 Extra"]
[Source "ChessBase"]
[SourceDate "2019.09.30"]
[SourceVersion "1"]
[SourceVersionDate "2019.09.30"]
[SourceQuality "1"]

1. c4 c5 2. Nf3 g6 3. d4 cxd4 4. Nxd4 Nc6 5. e4 Bg7 6. Be3 Nf6 7. Nc3 d6 8. Be2 0-0 9. 0-0 Bd7 10. h3 Nxd4 11. Bxd4 Bc6 12. Qc2 a5 13. Rad1 Nd7 14. Bxg7 Kxg7 15. Bg4 Ne5 16. c5 Nxg4 17. hxg4 Qc8 18. cxd6 exd6 19. f3 Rd8 20. Rd4 Qe6 21. Rfd1 Qe5 22. Qd2 Qc5 23. Qf4 b5 24. Kh2 b4 25. Ne2 Qb5 26. Ng3 Qa4 27. Rxd6 Rxd6 28. Rxd6 Be8 29. Qg5 Kf8 30. Qh6+ Kg8 31. e5 Qb5 32. Qf4 Rc8 33. Ne4 Kg7 34. Qf6+ Kg8 35. e6 1-0

[Event "DEN-chT 1819 57th"]
[Site "Denmark"]
[Date "2019.02.24"]
[Round "7.4"]
[White "Nordenbaek, Jan"]
[Black "Salomon, Johan"]
[Result "0-1"]
[WhiteElo "2173"]
[BlackElo "2477"]
[PlyCount "84"]
[EventDate "2018.10.27"]
[EventType "team-tourn"]
[EventRounds "9"]
[EventCountry "DEN"]
[SourceTitle "CBM 189 Extra"]
[Source "ChessBase"]
[SourceDate "2019.06.03"]
[SourceVersion "1"]
[SourceVersionDate "2019.06.03"]
[SourceQuality "1"]
[WhiteTeam "Hillerod"]
[BlackTeam "Koge Xtracon"]
[WhiteTeamCountry "DEN"]
[BlackTeamCountry "DEN"]

1. e4 e5 2. Nf3 Nc6 3. c3 d5 4. Qa4 f6 5. Bb5 Nge7 6. exd5 Qxd5 7. 0-0 e4 8. Nd4 Bd7 9. Nxc6 Bxc6 10. Bxc6+ Nxc6 11. Re1 f5 12. d4 Be7 13. Nd2 0-0 14. Qb3 Qxb3 15. axb3 Bf6 16. b4 a5 17. b5 Na7 18. Rxa5 b6 19. Ra4 Nxb5 20. Rxa8 Rxa8 21. f3 exf3 22. Nxf3 Ra2 23. Ne5 Nd6 24. Nd3 Kf7 25. Bf4 g5 26. Bxd6 cxd6 27. Re2 h5 28. Kf2 h4 29. Nb4 Ra5 30. Nc6 Ra4 31. Ke3 Ra1 32. Kf2 g4 33. Re1 Ra2 34. Re2 Ra1 35. Re1 Ra2 36. Re2 Ra4 37. Kf1 Bg5 38. g3 h3 39. Nb4 f4 40. Kf2 Ra1 41. gxf4 Bh4+ 42. Ke3 g3 0-1

[Event "PRO League Stage"]
[Site "Chess.com INT"]
[Date "2019.02.14"]
[Round "6"]
[White "Salomon, Johan"]
[Black "Fressinet, Laurent"]
[Result "0-1"]
[WhiteElo "2494"]
[BlackElo "2655"]
[PlyCount "126"]
[EventDate "2019.01.08"]
[EventType "team-swiss (rapid)"]
[EventRounds "10"]
[EventCountry "USA"]
[SourceTitle "CBM 188 Extra"]
[Source "ChessBase"]
[SourceDate "2019.02.26"]
[SourceVersion "1"]
[SourceVersionDate "2019.02.26"]
[SourceQuality "1"]
[WhiteTeam "Norway Gnomes"]
[BlackTeam "Marseille Migraines"]
[WhiteTeamCountry "NOR"]
[BlackTeamCountry "FRA"]

1. Nf3 Nf6 2. g3 g6 3. b3 Bg7 4. Bb2 c5 5. c4 d6 6. Bg2 e5 7. 0-0 Nc6 8. Nc3 0-0 9. e3 Bf5 10. d4 exd4 11. exd4 Ne4 12. Na4 Re8 13. d5 Bxb2 14. Nxb2 Nc3 15. Qd2 Nd4 16. Nxd4 cxd4 17. Rfe1 Qf6 18. Nd3 Rxe1+ 19. Rxe1 Bxd3 20. Qxd3 Nxa2 21. Re4 a5 22. Qxd4 Qxd4 23. Rxd4 Nc1 24. Rd1 Nxb3 25. Be4 Nc5 26. Bc2 a4 27. Ra1 Ra5 28. Kf1 b5 29. cxb5 Rxb5 30. Ke2 Rb2 31. Kd1 Kg7 32. Ra3 Rb4 33. Kd2 Rd4+ 34. Ke3 Rc4 35. Bd1 Kf6 36. f4 Re4+ 37. Kf3 Rd4 38. Bc2 Ke7 39. Ke3 Rc4 40. Bd1 Re4+ 41. Kf3 Rd4 42. Bc2 f5 43. Ke3 Rc4 44. Bd1 Re4+ 45. Kf3 Rd4 46. Bc2 Kf6 47. Ke3 Rc4 48. Bd1 Re4+ 49. Kf3 Rd4 50. Bc2 h6 51. h4 g5 52. hxg5+ hxg5 53. Ke3 Rc4 54. fxg5+ Kxg5 55. Bd1 Kf6 56. Bf3 Rb4 57. Ra1 Rb3+ 58. Ke2 a3 59. Kf2 Rb2+ 60. Ke3 Rb3+ 61. Kf2 Nd3+ 62. Ke2 Ne5 63. Bh5 Rxg3 0-1